Manchester City czy Manchester United - Statystyki

Ogólne statystyki
  • Ten quiz został rozwiązany 799 razy
    638 od ostatniego zresetowania
  • Średni wynik to 12 z 15
Statystyki odpowiedzi
Zagadnienie Odpowiedź % Poprawnych
Wygrał Premier League w sezonie 23/24 Manchester City
97%
Wygrał więcej razy ligę mistrzów Manchester United
97%
Jest kojarzony z kolorem Niebieskim Manchester City
96%
Grał w nim Cristiano Ronaldo Manchester United
96%
Jest kojarzony z kolorem czerwonym Manchester United
95%
Posiada więcej Premier League Manchester United
91%
Trenował Roberto Mancini Manchester City
85%
Grał w nim Frank Lampard Manchester City
82%
Jest starszy Manchester United
82%
Grał w nim Kazimierz Deyna Manchester City
77%
Posiada większy stadion Manchester United
70%
Wygrał ponad 10 razy FA CUP Manchester United
66%
Nie spadł z Premier League Manchester United
65%
Posiada klubowe mistrzostwo świata Oba
39%
Bilans bezpośredni Manchester City
22%
Nie znaleziono quizów pasujących do podanych kryteriów
Rozkład punktacji
Procent ludzi z każdym wynikiem
Percentyl według liczby udzielonych odpowiedzi
Twoja historia wyników
Nie rozwiązałeś tego quizu od ostatniego zresetowania